| 000 | 00931nas a2200301 4500 | ||
|---|---|---|---|
| 001 | BR0803311 | ||
| 003 | BR-BrBNA | ||
| 005 | 20231205112254.0 | ||
| 007 | ta | ||
| 008 | 230509b bl.|||p| |||| 00| 00por d | ||
| 040 |
_aBR-BrBNA _bpor _cBiblioteca Nacional de Agricultura |
||
| 041 | _a(Pt) | ||
| 072 | _aH60; N10 | ||
| 100 | 1 | _aCosta, A.G.F. | |
| 100 | 1 | _aVelini, E.D. | |
| 100 | 1 | _aNegrisoli, E. | |
| 100 | 1 | _aCarbonari, C.A. | |
| 100 | 1 | _aRossi, C.V.S. | |
| 100 | 1 | _aCorrea, M.R. | |
| 100 | 1 | _aSilva, F.M.L. | |
| 245 | 1 | _aEfeito da intensidade do vento da pressão e de pontas de pulverização na deriva de aplicações de herbicidas em pré-emergência | |
| 650 | _aHERBICIDA | ||
| 650 | _aPULVERIZAÇÃO | ||
| 650 | _aPULVERIZADOR | ||
| 773 | 0 |
_tPlanta Daninha (Brazil) _xISSN 0100-8358 _g(Jan-Mar 2007), v. 25(1) p. 203-210 _wBR0803311 |
|
| 909 |
_a202311 _bLúcia _c55 _dLúcia Elande |
||
| 942 |
_2AGRIS _n0 _cANA |
||
| 999 |
_c197111 _d197111 |
||